000
00260nam a22001097a 4500
082
_a
515.1 FEX'I
100
_a
FOX, CHARLES
_9
57329
245
_a
AN INTRODUCTION TO THE CALCULUS OF VARIATIONS
260
_a
LONDON
_b
OXFORD
_c
1950
300
_a
271P
942
_c
BK
999
_c
567622
_d
567622